000 00463nmm a2200145Ia 4500
008 251105s9999||||xx |||||||||||||||||und||
041 _aspa
100 _aMayol, Imma
245 0 _aCorresponsabilidad empresarial en el desarrollo sostenible
264 _a[Madrid, España] :
_bFundació Víctor Grífols i Lucas,
_c2004
300 _a128 páginas
650 _aEnvironmental Sciences
856 _uhttps://public.digitaliapublishing.com/a/24310
942 _cCF
999 _c104214
_d104214